How to save your marriage. (Record no. 14655)

000 -LEADER
fixed length control field 00536nam a2200181 a 4500
001 - CONTROL NUMBER
control field :::00012488$&:&@@
003 - CONTROL NUMBER IDENTIFIER
control field OkBaRHE
005 - DATE AND TIME OF LATEST TRANSACTION
control field 20000607103419.0
008 - FIXED-LENGTH DATA ELEMENTS--GENERAL INFORMATION
fixed length control field s1980 j 000 0 eng u
040 ## - CATALOGING SOURCE
Transcribing agency
100 1# - MAIN ENTRY--PERSONAL NAME
Personal name Pontious, Alfred E.
245 10 - TITLE STATEMENT
Title How to save your marriage.
260 ## - PUBLICATION, DISTRIBUTION, ETC. (IMPRINT)
Place of publication, distribution, etc Lancaster, WI., :
Name of publisher, distributor, etc Liberation Publishing Co.
Date of publication, distribution, etc c1980
300 ## - PHYSICAL DESCRIPTION
Extent 109 p. ;
Dimensions 18 cm.
650 ## - SUBJECT ADDED ENTRY--TOPICAL TERM
Topical term or geographic name as entry element Marriage
942 ## - ADDED ENTRY ELEMENTS (KOHA)
Source of classification or shelving scheme
Koha item type Books
Copies
Date acquired Source of classification or shelving scheme Permanent Location Not for loan Barcode Copy number Koha item type Shelving location Price effective from Damaged status Withdrawn status Date last seen Lost status Full call number
2010-04-14 RHEMA Bible Training College 124881BooksGeneral Stacks2010-04-14  2010-04-14 HQ 734 .P6